La Laguna de Piuray : (Record no. 23565)

000 -CABECERA
fixed length control field 01539nam a22002897a 4500
003 - IDENTIFICADOR DEL NÚMERO DE CONTROL
control field AR-CdUCM
008 - DATOS DE LONGITUD FIJA--INFORMACIÓN GENERAL
fixed length control field 260330b2024 pe ||||| |||| 00| 0 esp d
040 ## - FUENTE DE LA CATALOGACIÓN
Agencia/entidad que catalogó originalmente la obra MUNICIPALIDAD PROVINCIAL DEL CUSCO
Entidad que transcribió la catalogación BIBLIOTECA MUNICIPAL DEL CUSCO
082 ## - NÚMERO DE LA CLASIFICACIÓN DECIMAL DEWEY
No. de Clasificación 333.91 /
Notacion interna M42
100 ## - ENTRADA PRINCIPAL--NOMBRE DE PERSONA
Nombre Personal Mendoza Muñoz, Yanet
110 ## - ENTRADA PRINCIPAL--NOMBRE DE ENTIDAD CORPORATIVA
Nombre de la institución, jurisdicción como entrada principal Universidad Nacional de San Antonio Abad del Cusco
9 (RLIN) 15942
245 ## - MENCIÓN DE TÍTULO
Título La Laguna de Piuray :
Resto del título Agua de Consumo Humano para el Cusco y su necesaria protección /
260 ## - PUBLICACIÓN, DISTRIBUCIÓN, ETC.
Lugar de publicación, distribución, etc. Cusco - Perú
Nombre de la editorial, distribuidor, etc. Universidad Nacional de San Antonio Abad del Cusco
Fecha de publicación, distribución, etc. 2024
300 ## - DESCRIPCIÓN FÍSICA
Nº de Páginas Extensión 280 páginas. :
Otros detalles físicos cuadros, tablas, mapas, figuras.
Dimensiones 20 x 26 cm.
500 ## - NOTA GENERAL
Bibliografía Páginas 18, 36, 48, 63, 64, 70, 90.
505 ## - NOTA DE CONTENIDO CON FORMATO
Nota de contenido formateada Capítulo 1. La Ciudad de Cusco. Lugar de la Investigación -- Capítulo 2. Entidades de la Gestión de la Calidad del Agua de Consumo Humano según Decreto Supremo No, 031-2010-SA -- Capítulo 3. -- La Microcuenca del Piuray - Ccorimarca: Descripción e Importancia -- Capítulo 4. -- Investigación de la calidad del agua de Consumo Humano Proveniente de la Fuente de Piuray -- Capítulo 5. Propuestas de Mejora de la Protección...
650 ## - PUNTO DE ACCESO ADICIONAL DE MATERIA--TÉRMINO DE MATERIA
Descriptor La Imperial Ciudad
9 (RLIN) 52416
650 ## - PUNTO DE ACCESO ADICIONAL DE MATERIA--TÉRMINO DE MATERIA
Descriptor Disposiciones Generales
9 (RLIN) 28280
650 ## - PUNTO DE ACCESO ADICIONAL DE MATERIA--TÉRMINO DE MATERIA
Descriptor Búsqueda Bibliográfica
9 (RLIN) 52417
650 ## - PUNTO DE ACCESO ADICIONAL DE MATERIA--TÉRMINO DE MATERIA
Descriptor Diagnóstico de la gestión
9 (RLIN) 52418
650 ## - PUNTO DE ACCESO ADICIONAL DE MATERIA--TÉRMINO DE MATERIA
Descriptor Creación de la Franja
9 (RLIN) 52419
650 ## - PUNTO DE ACCESO ADICIONAL DE MATERIA--TÉRMINO DE MATERIA
Descriptor Plan de Gestión
9 (RLIN) 52420
650 ## - PUNTO DE ACCESO ADICIONAL DE MATERIA--TÉRMINO DE MATERIA
Descriptor Tratamiento Integral
9 (RLIN) 52421
942 ## - ELEMENTOS DE PUNTO DE ACCESO ADICIONAL (KOHA)
Fuente de clasificación
Tipo de item Libros-BMC
945 ## - PROCESAMIENTO DE INFORMACIÓN LOCAL (OCLC)
Catalogador jmcs
AAAA-MM-DD - Fecha de ingreso o modificacion 30/03/2026
Holdings
Estado de retiro (separado) Fuente de clasificación o esquema de estanterías Estado dañado Ubicación Sala donde se ubica Nombre de la colección Fecha de adquisición o compra Fuente de adquisición Costo, precio normal en soles Signatura topográfica Código de Barras Última vez visto (Koha) Tipo de ítem (Koha)
No     Sala Ciencias Sala Ciencias Book Cart 2026-03-31 Donación 30.00 333.91 / M42 SC0000002440 2026-03-31 Libros-BMC

Powered by Koha